000 01133nam a2200325 i 4500
003 EG-GICUC
005 20260410145552.0
008 260410s2005 be ||||fr|||| 00| 0 fre d
040 _aEG-GiCUC
_bfre
_cEG-GiCUC
_dEG-GiCUC
_eRda
043 _abe#
082 0 4 _221
_a341
_bD E . J
092 0 4 _221
_a341
099 _aLaw1 11 341 D E . J 2005
100 1 _adelas, olivier
_eAuteur
245 1 3 _aLes juridictions internationales complémentacomplémentaritérité Ou concurrence /
_cSous la direction de Olivier delas, René Cute, François Crépeau, Peter Leuprecht ; Préface du Juge Gilbert
264 1 _aBRUXELLES :
_bBruylant,
_c2005.
300 _a184 page :
_c 24 cm.
336 _2rda contenu
_a texte
337 _2rda medias
_aOrdinateur
338 _2 transporteur rda
_a Ressource en ligne
504 _aBibliography: pages 200-250. 240-220
650 1 _2qrmak
651 1 _2qrmak
700 1 _adelas, olivier
700 1 _aRené Cute
_eCo-Auteur
700 1 _aPeter Leuprecht
_ePréfacier
856 4 0 _uhttps://fll.law.cu.edu.eg/fulltext/bks/B11-09079.pdf
905 _a15
942 _2ddc
_cBK
_e21
_n0
999 _c69948
_d69948